000
00191nam a22000857a 4500
008
161124b xxu||||| |||| 00| 0 eng d
100
_9
1404
_a
Roddy.H.
245
_a
Math-1
260
_a
USA
_b
TCR
_c
2011
999
_c
4120
_d
4120